Every Ring 9 Tower - Statistics

General Stats
  • This quiz has been taken 4 times
  • The average score is 12 of 15
Answer Stats
Difficulty Tower % Correct
Catastrophic Tower of {Augmented Misery}
100%
Insane Tower of {Bent Trauma}
100%
Catastrophic Tower of {Champion’s Road}
100%
Catastrophic Tower of {Cruel Punishment}
100%
Insane Tower of {High Adrenaline}
100%
Remorseless Citadel of {Lethargy}
75%
Remorseless Tower of {Beat Block Berserk}
75%
Extreme Tower of {Bloodthirsty Kenos}
75%
Insane Tower of {Curved Ascent}
75%
Extreme Tower of {Frightening and Confusing Trials}
75%
Terrifying Tower of {Journey’s End}
75%
Terrifying Tower of {Nervous Sweating}
75%
Remorseless Tower of {Pastel Pillars}
75%
Remorseless Tower of {Questionable Trials}
75%
Intense Tower of {Great Overcomings}
50%
No matching quizzes found
Score Distribution
Percent of People with Each Score
Percentile by Number Answered
Your Score History
You have not taken this quiz